[Event "AUT-chT 9900"]
[Site "Austria"]
[Date "1999.10.22"]
[Round "1.2"]
[White "Blatny, Pavel"]
[Black "Wells, Peter K"]
[Result "0-1"]
[WhiteElo "2486"]
[BlackElo "2480"]
[Annotator "Wells,P"]
[PlyCount "142"]
[EventDate "1999.10.22"]
[EventType "team-tourn"]
[EventRounds "11"]
[EventCountry "AUT"]
[SourceTitle "EXT 2000"]
[Source "ChessBase"]
[SourceDate "1999.11.16"]
[SourceVersion "1"]
[SourceVersionDate "1999.11.16"]
[SourceQuality "1"]
[WhiteTeam "Hietzing/Fischer SK"]
[BlackTeam "Graz ESV Austria"]
[WhiteTeamCountry "AUT"]
[BlackTeamCountry "AUT"]

1. e4 c5 2. Nf3 Nc6 3. c3 Nf6 4. e5 Nd5 5. d4 cxd4 6. Bc4 Nb6 7. Bb3 d6 8. exd6
Qxd6 9. Na3 dxc3 $5 {I think this acceptance of white's challenge is more
principled than the alternative} (9... e6 {where white gets reasonable
compensation for the IQP after either capture on d4.}) 10. Qxd6 $5 {Very
unusual, but as the course of the game suggests a rich potentially rich
terrain for original ideas and reserach.} ({The main line runs} 10. Qe2 Bf5 (
10... cxb2 11. Bxb2 Qb4+ 12. Kf1 Bf5 $1 {also merits consideration.}) 11. Nb5
Qd7 12. Ne5 Nxe5 13. Qxe5 f6 (13... Rc8 $5 {Wells} 14. Nxa7 $5 cxb2 15. Bxb2
Nc4 {is dangerous, but perhaps playable.}) 14. Nc7+ Kd8 15. Ne6+ Bxe6 16. Qxe6
$13 {gives white interesting compensation for his material deficit, although
black has still been willing to defend this in practice with reasonable
results.}) ({Another aggressive side-line is} 10. Nb5 $5 {which however now
looks to have less mileage eg.} Qxd1+ (10... Qb8 {looks dangerous} 11. O-O e6
12. g3 Be7 13. Re1 cxb2 14. Bxb2 O-O 15. Ne5 Nd5 16. Bxd5 exd5 17. Nxc6 bxc6
18. Rxe7 Qxb5 19. Bxg7 Kxg7 20. Qd4+ Kg6 21. h4 $13 {0-1 Shaked,T-Sammalvuo,T/
Halle 1995/CBM 48 ext (40)}) 11. Kxd1 cxb2 12. Bxb2 Rb8 13. Ne5 e6 14. Nc7+ Ke7
15. Na6 Ra8 16. Nc7 Rb8 {1/2-1/2 in Shaked,T-Hodgson,J/Bermuda 1997/CBM 58 (16)
. This quick draw appears to be difficult to improve upon for either side.})
10... exd6 11. Nb5 Rb8 ({I could not ( and still cannot! ) believe that black
can afford to develop still more of white's pieces with tempo and hence
rejected} 11... cxb2 $6 12. Bxb2 Rb8 13. Ng5 (13. O-O Be6) 13... Nd8 14. O-O (
14. Ne4 $5 Be6 (14... d5 15. Be5 Bb4+ 16. Kf1 dxe4 17. Bxb8 $14) 15. Nbxd6+
Bxd6 16. Nxd6+ Kf8 17. Ba3 Kg8 18. O-O $44 {[%csl Rg8,Rh8] although white's
compensation is not as imposing as I would have expected, so maybe the text
move is preferable.}) 14... Be6 15. Rfe1 Kd7 16. Nxe6 fxe6 17. Nxa7 d5 18. Bd4
Nc8 19. Ba4+ Nc6 20. Nxc6 $6 (20. Rab1 $1 $16 {Fritz 5.}) 20... bxc6 21. Rec1
Ne7 22. Bc5 Ra8 {and black consolidated 0-1 in Jahn,C-Gallati,M/Baden 1997/EXT
99 (33)}) 12. Ng5 Ne5 13. O-O Bd7 14. Nxc3 Be7 15. f4 Nec4 (15... Bxg5 $6 16.
fxe5 Bxc1 17. Raxc1 dxe5 18. Bxf7+ Kd8 19. Bb3 $44 {[%csl Rb8,Rh8][%cal Yf1f7,
Yf7h7]}) 16. Re1 Kf8 17. Bxc4 Nxc4 18. b3 Bf6 19. Nge4 Bd4+ 20. Kf1 f5 21. Rd1
Ne3+ 22. Bxe3 Bxe3 23. Rxd6 $1 (23. Nxd6 $2 Bxf4 24. Nf7 Kxf7 25. Rxd7+ Ke6 26.
Rxg7 Be5 27. Re1 Kf6 $17) 23... Be8 $2 (23... Bc6 $1 {Natural and best!
Already running short of time, I was worried by} 24. Ng5 Bxf4 25. Ne6+ Ke7 26.
Rxc6 {but failed to spot} Bxh2 $1 {( Blatny ) when after} 27. Rc7+ $8 Bxc7 $1 (
27... Kxe6 $2 28. Re1+ $36) 28. Nxc7 Rbc8 {I prefer black's 'rook pair' with
such reduced material.}) 24. Rd3 Bb6 25. Nd6 g6 26. Nd5 Bc6 27. Nxb6 axb6 28.
Nc4 Kg7 29. Re1 Rhe8 30. Rxe8 Rxe8 31. Rd6 Re4 32. g3 Kf8 33. Rd8+ Kg7 34. Kf2
Bb5 35. Ne3 (35. Nd6 Re2+ 36. Kf3 Ba6 37. Rd7+ Kf6 (37... Kg8 38. a4) 38. Rxb7)
35... Bc6 36. Nc2 Kf7 37. Nd4 Re7 38. a4 Rc7 39. Rd6 Be4 40. Rxb6 Rc1 41. Nb5
Ke7 42. Ke3 Rd1 43. Ke2 Rh1 44. Nd6 {I expected this, and thought black was in
some trouble. In fact, given the strength of black's bishop in such positions
where both sides will throw forward their respective pawn majorities, this
course also carries a measure of risk.} Rxh2+ 45. Ke3 Bh1 $1 {[%csl Yh1] The
only square. Otherwise white will always win a tempo by attacking the bishop.}
46. Nxb7 Rg2 47. a5 Rxg3+ 48. Kd4 Rf3 {There was little time to check the
speed of white's queen-side, but practically little need also. If black cannot
get his king-side pawns rolling in the most efficient manner, then his cause
is anyway rather hopeless. In fact, although I was a little slow to adjust
psychologically at the time, white's pawns can be contained, and given the
long-range powers of the bishop in such races black already has his fair share
of the chances.} 49. a6 $6 ({It transpires that white is not queening, and
therefore should concentrate on the position of his pieces. After the better} 
49. Nc5 Rxf4+ 50. Ke5 Rf1 51. a6 {[%cal Yb6b7] I am sure that he should at
least not lose.}) 49... Rxf4+ 50. Kc5 Rf1 51. Rb4 (51. b4) 51... Rc1+ 52. Kb6
Rc6+ 53. Kb5 {[%cal Yb4h4]} g5 $1 $17 {An extraordinary turn-around. Given a
little care, White's a-pawn is going nowhere, and black's counterplay should
carry the day.} 54. a7 Rc8 55. Kb6 g4 56. Ra4 Ra8 57. Nc5 g3 58. Nd3 Be4 (58...
g2 $2 59. Ra1 {[%csl Rh1]}) 59. Nf4 Kd6 60. b4 g2 61. Nh3 f4 62. b5 f3 63. Ra1
Rg8 $19 64. Ka6 Ba8 65. Rg1 Rg7 66. Nf2 Kc5 67. b6 Bb7+ 68. Ka5 Kd4 69. Nh3 Ke3
70. Re1+ Kd2 71. Rg1 Rg3 {Having on occasion been on the wrong side of such
nightmares, I know well that sometimes such accidents can happen. A couple of
days later Blatny showed his true endgame class against Hertneck. This game I
find interesting rather for white's opening play, which at least as a surprise
weapon was very unpleasant to face for the first time.} 0-1

[Event "Moscow Aeroflot op"]
[Site "Moscow"]
[Date "2002.02.07"]
[Round "5"]
[White "Vlassov, Nikolai"]
[Black "Avrukh, Boris"]
[Result "1-0"]
[WhiteElo "2454"]
[BlackElo "2591"]
[Annotator "Wells,P"]
[PlyCount "47"]
[EventDate "2002.02.04"]
[EventType "swiss"]
[EventRounds "9"]
[EventCountry "RUS"]
[SourceTitle "CBM 088"]
[Source "ChessBase"]
[SourceDate "2002.03.21"]
[SourceVersion "1"]
[SourceVersionDate "2002.03.21"]
[SourceQuality "1"]

1. e4 c5 2. c3 d5 3. exd5 Qxd5 4. d4 Nf6 5. Nf3 Bg4 6. dxc5 Qxc5 7. h3 Bh5 8.
Be3 Qc7 9. Na3 Nbd7 10. Nb5 Qb8 11. g4 $1 Bg6 12. g5 $1 {The g-pawn advance as
harrassment of the enemy forces. A classic example of initiative building
which white follows through admirably against a strong opponent.} Ne4 (12...
Nh5 $5) 13. Nh4 $1 {Without the g6 bishop black's light squares suddenly look
very vulnerable to white's better developed forces. The prosecution of white's
initiative is impressive.} a6 14. Nxg6 hxg6 15. Qd5 $1 Rh4 16. O-O-O Qc8 17.
Rd4 Ndc5 18. f3 e6 19. Qe5 {Classic energy and initiative - every move a
threat!} f6 20. Nc7+ Kf7 21. Qh2 e5 22. Bc4+ Ke7 23. gxf6+ gxf6 24. Nd5+ 1-0

[Event "BCF-ch"]
[Site "Edinburgh"]
[Date "2003.07.14"]
[Round "1"]
[White "Motwani, Paul"]
[Black "Collins, Sam E"]
[Result "1-0"]
[WhiteElo "2525"]
[BlackElo "2381"]
[Annotator "Winants,L"]
[PlyCount "51"]
[EventDate "2003.07.14"]
[EventType "swiss"]
[EventRounds "11"]
[EventCountry "SCO"]
[SourceTitle "CBM 095 Extra"]
[Source "ChessBase"]
[SourceDate "2003.09.04"]
[SourceVersion "1"]
[SourceVersionDate "2003.09.04"]
[SourceQuality "1"]

1. e4 c5 2. c3 {Une variante où les succès de Sviechnikov ont bénéficié d'un
effet boule-de-neige. Les Blancs y projettent d'avancer sur d4.} Nf6 {Les
Noirs traitent l'ouverture dans l'esprit de la défense Alekhine.} 3. e5 Nd5 4.
Nf3 e6 {Une continuation solide, régulièrement adoptée par Sviechnikov
lui-même lorsqu'il se trouve de l'autre côté de l'échiquier.} 5. d4 cxd4 6. Bc4
d6 7. cxd4 Be7 8. O-O O-O 9. Qe2 Nc6 {Le point de départ de nombreuses
recherches théoriques. Les Blancs jouissent d'un avantage d'espace, où la
position avancée du pion e5 et l'éloignement du Cf6 offrent quelques chances
d'attaque sur le roque..} 10. Qe4 {Le dernier cri ; Les Blancs préparent une
batterie, via Fd3, tout en envisageant un autre transfert vers g4.} Re8 {
Apparemment trop passif ;} ({Les experts préfèrent} 10... Bd7 {(vers c6) et si}
11. Bd3 {alors} f5) 11. Re1 Nb6 12. Bd3 g6 13. Nc3 Nb4 14. Bb1 N4d5 {Les Noirs
continuent de jouer sans cesse la même pièce sans chercher de contre-jeu. La
punition ne tarde pas.} 15. Qg4 Nxc3 16. bxc3 Qc7 17. h4 {Une conception peu
banale ; Paul ne se laisse pas distraire par la menace contre sa Tour (Dxc3-a1)
et poursuit l'offensive en direction du Roi. L'idée consiste а démanteler les
remparts, par l'élimination du pion g6, par h5, si besoin appuyé encore du
sacrifice du Fb1.} ({Personnellement, j'aurais plutôt opté pour} 17. Bg5 {
Supposons alors} Bf8 ({si} 17... Qxc3 18. Bxe7 Rxe7 19. Qh4 {avec une belle
position d'attaque.}) 18. Qh4 Qxc3 19. Bf6 Qxa1 (19... Nd7 20. Bxg6 fxg6 21.
Ng5 h6 22. Qe4) 20. Ng5 h6 (20... h5 21. Qxh5 $3 gxh5 22. Bh7#) 21. Nxf7 Qc3 (
21... Kxf7 22. Bxg6+ $1 Kg8 23. Bf7+ $1) 22. Qe4 Bg7 23. Nxh6+ {et les Blancs
gagnent.}) 17... Nd7 {En arrière toute !} ({Cependant, le charme de la
combinaison mériterait d'être vérifié.} 17... Qxc3 18. h5 Qxa1 19. Bh6 ({
non pas} 19. hxg6 Qxb1) 19... Bf8 20. hxg6 hxg6 ({sur} 20... Bxh6 21. gxf7+
Kxf7 22. exd6 $1 {gagne.}) 21. Bxg6 (21. Qh4 Nd7 $1) 21... Qxe1+ {(forcé)} 22.
Nxe1 Bxh6 23. Qh5 Re7 $1 (23... fxg6 24. Qxg6+ Kf8 25. Qxh6+ Ke7 26. Qg7+ Kd8
27. exd6 Bd7 28. Nf3 {puis Ce5}) 24. Qxh6 (24. exd6 fxg6) 24... fxg6 25. Qxg6+
Rg7 (25... Kf8 26. Nf3 Nc4 27. Ng5 dxe5 28. dxe5 Nxe5 29. Nh7+ Rxh7 30. Qxh7
Nf7 31. g4) 26. Qe8+ Kh7 27. Qh5+ Kg8 {et je ne vois guère mieux que l'échec
perpétuel. Cependant cette analyse n'est pas exhaustive et avec un peu plus de
temps on pourrait sans doute trouver un gain.}) 18. h5 f5 19. Qg3 Kg7 20. hxg6
hxg6 {Il semblerait que les Noirs aient réussi а consolider l'édifice, mais il
n'en est rien ! [#]} 21. Bxf5 $3 {Très joli : la position s'ouvre avant que la
Ta8 ne puisse intervenir.} exf5 22. exd6 Bxd6 23. Bh6+ {La pointe pour
échapper а l'attaque du Fd6 avec gain de temps.} Kxh6 (23... Kh7 24. Ng5+) 24.
Qh4+ Kg7 25. Rxe8 Nf8 26. Rae1 {et les Noirs abandonnent car l'échec de la
Tour sur e7 est mortel. Si 26... Rf7 27.Cg5+ Rg7 28.Txf8 ! gagne la Dame ou
fait mat.} 1-0

[Event "Candidates FIDE m1"]
[Site "Wijk aan Zee"]
[Date "1994.??.??"]
[Round "7"]
[White "Adams, Michael"]
[Black "Gelfand, Boris"]
[Result "1/2-1/2"]
[WhiteElo "2660"]
[BlackElo "2685"]
[Annotator "Wolff,P"]
[PlyCount "172"]
[EventDate "1994.01.16"]
[EventType "match"]
[EventRounds "8"]
[EventCountry "NED"]
[SourceTitle "CBM 039"]
[Source "ChessBase"]
[SourceDate "1994.04.01"]
[SourceVersion "1"]
[SourceVersionDate "1994.04.01"]
[SourceQuality "1"]

1. e4 c5 2. c3 Nf6 3. e5 Nd5 4. Nf3 Nc6 5. Bc4 Nb6 6. Bb3 c4 $6 {This might be
overly ambitious, as a future b2-b3 brings about a very favorable trade for
White.} (6... d6 7. exd6 Qxd6 (7... exd6 8. d4 Bg4 9. h3 Bh5 10. Be3 Be7 11.
O-O O-O 12. dxc5 dxc5 13. Na3 $14 {Ivanchuk,V-Kasparov,G Dortmund 1992}) 8. O-O
(8. d4 cxd4 {Transposes back to normal lines}) 8... Be6 (8... Bg4 $4 9. Bxf7+
Kxf7 10. Ng5+ $18) (8... Bf5 $5 9. d4 cxd4 10. cxd4 e6 11. Nc3 Be7 $10) 9. Bxe6
Qxe6 10. Re1 (10. d4 cxd4 11. Nxd4 {Again, this transposes to normal lines of
this variation.}) 10... Qd5 11. d4 e6 {This needs tests, but I suspect that
Black is equal.}) 7. Bc2 g6 8. Na3 d6 (8... d5 $142) 9. Qe2 $1 d5 (9... dxe5
10. Nxe5 Qd5 11. Be4 $1) 10. h3 Bg7 11. O-O $5 (11. d4 cxd3 12. Bxd3 d4 $1)
11... Nd7 12. e6 $1 fxe6 13. Ng5 Nf8 14. f4 e5 15. fxe5 Nxe5 16. Kh1 $1 h6 17.
Nf3 Nfd7 $6 18. Nxe5 (18. Nd4 $1 Nc5 19. b3 $16) 18... Nxe5 19. b3 Qc7 20. bxc4
dxc4 21. Nb5 Qa5 22. a4 Bd7 23. Ba3 Bxb5 24. axb5 Qb6 $2 (24... Qxb5 $1 25.
Bxg6+ Nxg6 26. Qe6 Qc6 27. Qf7+ Kd7 28. Qxg7 $13 Rag8 29. Qd4+ Kc7 30. Qxa7 Nh4
31. Qc5) 25. d4 cxd3 26. Bxd3 Bf6 27. Be4 $1 O-O 28. c4 $16 a6 $138 29. Bd5+
Kh8 30. bxa6 $2 $138 (30. Bxe7 $1 {Anand} Bxe7 31. Qxe5+ Bf6 32. Rxf6 $1 Qxf6 (
32... Rxf6 33. c5 Qd8 34. Bxb7 $18) 33. Qxf6+ Rxf6 34. Bxb7 Ra7 35. bxa6 $16)
30... Rxa6 31. Rab1 Qd8 32. Qe3 Kh7 33. Bb2 Nd7 34. Bxb7 $14 Rb6 35. Bxf6 Rfxf6
36. Bf3 Rbe6 37. Qc3 Nc5 38. Bd5 Rxf1+ 39. Rxf1 Rf6 40. Re1 (40. Rxf6 $142 exf6
41. Qe3 $14) 40... Qd6 $10 41. Qe3 (41. Qe5 Rf1+ 42. Rxf1 Qxe5 43. Rf7+ Qg7 (
43... Kh8 44. Rf8+) 44. Rxg7+ Kxg7 45. Kg1 Kf6 46. Kf2 Ke5 47. Ke3 $15) 41...
e6 42. Bf3 Rf4 43. Rd1 Qc7 44. Rc1 $2 {Adams needed to win this game to have
reasonable chances to continue the match, as he was -1 and this was his last
White. No doubt after having such good chances throughout the game, he had no
stomach to conduct passive defense} (44. Rd4 $10) 44... h5 45. Qc3 Qg7 46. Qc2
Qe5 47. Qd2 Rd4 48. Re1 Qf4 $1 $17 49. Qe2 (49. Qxf4 $142 Rxf4 50. Rc1 Kh6 51.
Kg1 g5) 49... Rxc4 50. Rf1 Rc1 51. Rxc1 Qxc1+ 52. Kh2 Qc3 (52... h4 53. Qe5)
53. h4 $1 Qd4 54. g4 hxg4 55. Bxg4 Qf4+ 56. Kg2 Ne4 57. Qf3 Qd2+ 58. Kg1 Qd4+
59. Kg2 Qb2+ 60. Kh3 Nf2+ 61. Kg3 {Adjourned} Nxg4 62. Kxg4 {This endgame is
probably drawn, but Black has very good chances to win as White must keep
defending correctly. However, Black blundered early, allowing White to draw
without trouble.} Qd4+ 63. Kh3 Kg7 64. Qa3 Qf4 65. Qe7+ Qf7 66. Qb4 e5 67. Kg3
Qa7 68. Qd2 Qg1+ 69. Kh3 Qh1+ 70. Kg3 Qg1+ 71. Kh3 Qd4 72. Qc1 Qd3+ 73. Kg4
Qe4+ 74. Kg3 Qd3+ 75. Kg4 Qe4+ 76. Kg3 Kf6 77. Qd2 Ke6 $2 78. h5 $1 gxh5 79.
Qh6+ Kd5 80. Qxh5 Qe1+ 81. Kg2 Kd4 82. Qf7 Qd2+ 83. Kg3 e4 84. Qa7+ Kd3 85.
Qa6+ Kc2 86. Qa2+ Kd3 1/2-1/2

[Event "RUS-ch 56th"]
[Site "Krasnoyarsk"]
[Date "2003.09.10"]
[Round "7"]
[White "Rublevsky, Sergei"]
[Black "Yakovich, Yuri"]
[Result "1/2-1/2"]
[WhiteElo "2672"]
[BlackElo "2573"]
[Annotator "Yakovich,Y"]
[PlyCount "62"]
[EventDate "2003.09.03"]
[EventType "swiss"]
[EventRounds "9"]
[EventCountry "RUS"]
[SourceTitle "CBM 098"]
[Source "ChessBase"]
[SourceDate "2004.02.03"]
[SourceVersion "1"]
[SourceVersionDate "2004.02.03"]
[SourceQuality "1"]

1. e4 c5 2. Nf3 e6 3. c3 d5 4. exd5 Qxd5 5. d4 Nf6 6. Be2 cxd4 7. cxd4 Nc6 8.
Nc3 Qd6 9. O-O Be7 10. Nb5 Qd8 11. Bf4 Nd5 12. Bg3 a6 13. Nc3 O-O 14. Rc1 ({
After} 14. Qb3 $6 Nf6 $1 {/\ 15...b5, 16...Bb7 Black is doing fine. The Queen
on b3 will give Black a tempo for creating his play on the queenside (Na5).})
14... Nf6 (14... Nxc3 $5 15. bxc3 Bf6 $13) 15. a3 $1 {This move is stronger
than} (15. h3 $6 {Polgar,J-Tiviakov,S/Madrid 1994, because in this case Black
can play} b5 $1 {immediately} 16. Nxb5 axb5 17. Rxc6 Rxa2 $13) 15... b6 (15...
Nh5 $6 {is unsuccessful in view of} 16. Qd3 (16. Be5 $5 $14 f6 $6 17. Bg3 Nxg3
18. hxg3 $16) 16... Nxg3 17. hxg3 Bf6 18. Rfd1 Ne7 19. Ne5 Nd5 20. Bf3 Nxc3 21.
Rxc3 Rb8 22. Rb3 Qd6 23. Nc4 Qd8 24. Nb6 Bd7 25. a4 $14 Bb5 26. Rxb5 $5 axb5
27. Qxb5 $16 {1-0 Sveshnikov,E-Savanovic,A/Bled 1999}) (15... b5 $2 16. Nxb5
$16) 16. Bc4 (16. d5 {leeds to drawish endgame} exd5 17. Nxd5 Qxd5 18. Qxd5
Nxd5 19. Rxc6 Bb7 $11) 16... Bb7 17. Ba2 Rc8 ({Now} 17... Nh5 $6 {is
unsuccessfu also. After} 18. d5 $1 exd5 19. Nxd5 Nxg3 20. hxg3 Bf6 21. Re1 $14
{Smirnov,P-Lugovoi,A/Samara 2000 White has a strong Knight on d5 which
considerably limits Black's possibilities.}) (17... b5 $5) 18. Qd3 (18. d5 {
does not promise White anything:} exd5 19. Nxd5 Nxd5 20. Qxd5 Qxd5 21. Bxd5 Bf6
22. Ne5 $6 Nd4 $1 23. Rxc8 Ne2+ 24. Kh1 Bxc8 25. Re1 Rd8 26. Bxf7+ Kf8 27. Bh5
Nxg3+ 28. hxg3 g6 29. Bf3 Re8 30. Nd3 Rxe1+ 31. Nxe1 Bxb2 $17 {Anagnostopoulos,
D-Banikas,H/Athens GRE 2002}) 18... Nh5 $5 $146 {The correct moment for this
move, but} (18... b5 {is good typical alternative Cherniaev,A-Petrosian,A/
Yerevan 1996}) 19. d5 exd5 20. Nxd5 Nxg3 21. hxg3 Bf6 {In comparison with a
game Smirnov - Lugovoi (see annotation to move 17) moves 17...Rc8 and 18.Qd3
are included here, that gives to Black opportunity to equalize game.} 22. Rfd1
$1 (22. Rfe1 Ne5 $1 {Black's main idea} 23. Nxe5 (23. Rxc8 Nxd3 (23... Nxf3+
24. Qxf3 Bxc8 25. Nxf6+ Qxf6 26. Qxf6 gxf6 27. Re7 $16) 24. Rxd8 Bxd8 $11)
23... Rxc1 24. Rxc1 Bxe5 $11) 22... Ne5 $1 (22... Bxb2 $2 23. Rb1 Bf6 (23...
Ne5 24. Qb3 $1 Nxf3+ 25. gxf3 Be5 26. Nxb6 Qg5 27. Nxc8 Bxg3 28. Qxb7 $18) 24.
Rxb6 Ne5 (24... Ba8 25. Qf5 $16) 25. Nxe5 Bxd5 26. Bb1 Be4 27. Qb3 Qe7 28. Nd7
$16) 23. Rxc8 Bxc8 $8 24. Nxe5 Bxe5 25. Qe3 Bf6 $1 26. Rc1 (26. b4 b5 27. Qa7
Qd6 $11) 26... Bb7 27. Nxf6+ Qxf6 28. Rc7 {[#]} Qd6 $1 {The precise move.} (
28... Qxb2 $2 29. Bc4 $1 Qb1+ 30. Kh2 Qe4 31. Qxe4 Bxe4 32. Bxa6 $16) 29. Qe7 (
29. Rxb7 Qd1+ 30. Kh2 Qh5+ $11) 29... Qd1+ 30. Kh2 Bd5 $1 31. Bxd5 (31. f3 $4
Bxa2 32. Rd7 Qc1 33. Rd8 Qh6+ 34. Kg1 g6 $19) 31... Qh5+ $11 1/2-1/2

[Event "Moscow Petrosian Memorial"]
[Site "Moscow"]
[Date "1995.??.??"]
[Round "9"]
[White "Ivanov, Victor L"]
[Black "Zagrebelny, Sergey"]
[Result "0-1"]
[WhiteElo "2460"]
[BlackElo "2510"]
[Annotator "Zagrebelny,S"]
[PlyCount "80"]
[EventDate "1995.??.??"]
[EventType "tourn"]
[EventRounds "11"]
[EventCountry "RUS"]
[EventCategory "10"]
[SourceTitle "CBM 046"]
[Source "ChessBase"]
[SourceDate "1995.06.01"]
[SourceVersion "1"]
[SourceVersionDate "1995.06.01"]
[SourceQuality "1"]

1. e4 c5 2. c3 d5 3. exd5 Qxd5 4. d4 Nf6 5. Nf3 e6 6. Be3 cxd4 7. cxd4 Nc6 8.
Nc3 Qd6 9. a3 Be7 10. Bd3 O-O 11. O-O b6 12. Qe2 Bb7 13. Rad1 h6 $1 {N/} (13...
Rad8 14. Bg5 $1 g6 15. Bc4 Rfe8 16. Rfe1 Nd5 17. Bxd5 $2 (17. Nxd5 exd5 18. Bb5
$16 {Adams,M-Tiviakov,S/New York(m/6)/1:0/43/})) 14. Rfe1 Rfd8 15. Bc1 Bf8 16.
Ne4 (16. Bb1 $32 Rac8 (16... Ne7 17. Ne5 Nf5 18. d5 $5 $13) (16... g6 $1) 17.
Ne4 Nxe4 $2 (17... Qe7 $1) 18. Qxe4 g6 19. Qh4 Qe7 20. Qh3 Qf6 21. d5 Rxd5 22.
Rxd5 exd5 23. Bxh6 $16 {Rozentalis,E-Andersson,U/Tilburg(m/2 Interpolis/1993/1:
0/62/}) 16... Qe7 (16... Nxe4 17. Qxe4 g6 18. Bb1 Bg7 19. h4 $40) 17. Bb1 g6
18. Nxf6+ Qxf6 19. Be4 Bg7 20. Qb5 (20. Ne5 $2 Nxd4 21. Rxd4 Qxe5 22. Rxd8+
Rxd8 $19) 20... Rd6 $1 (20... Na5 21. Bxb7 Nxb7 22. b4 $5) 21. Ne5 Rc8 22. Bxc6
Bxc6 23. Qa6 Rc7 24. Be3 Qf5 $1 25. Rc1 Bxe5 $1 26. dxe5 Rd3 $1 $17 (26... Qxe5
27. Bxh6 $2 (27. Qc4 $1 $13) 27... Bb5 $1 $19) 27. h3 g5 28. b4 (28. Qc4 $6
Bxg2 $1 29. Qxc7 Qxh3 30. f3 Bxf3 $19) (28. Rc4 Rd5 $1 $19) 28... g4 $1 (28...
Bb7 $2 29. Qxd3 Qxd3 30. Rxc7) 29. Rxc6 $8 (29. b5 gxh3 30. bxc6 Qg4 31. Kf1 h2
$19) (29. hxg4 Qxg4 30. Rxc6 Rd1 $19) 29... Rxc6 30. hxg4 Qe4 31. Qxa7 Rc8 32.
Qxb6 Qxe5 (32... Rxa3 $5) 33. a4 Rcd8 $2 (33... Rc4 $5) 34. Qc5 R3d5 35. Qc1
Qb8 36. b5 Rc8 37. Qb1 Rc4 38. Bxh6 $2 (38. f3 Rxa4 39. b6 $15) 38... Rxg4 39.
Re4 $4 Rxe4 40. Qxe4 Rd1+ 0-1